Statistiques concernant Loups de fiction en images

Cliquez ici pour prendre le quiz!

Statistiques générales

  • Ce quiz a été pris 53 fois
  • Le résultat moyen est 3 sur 20

Statistiques - réponses

Réponse% Correct
Grand Méchant Loup
60%
La Mort
50%
Lougaroc
46%
P'tit Loup
27%
Akela
17%
Legoshi
17%
Fenrir
13%
Mr Loup
13%
Nyméria
10%
Porsha
10%
Warwick
10%
Wayne
10%
Moro
8%
Agent Confidentiel
6%
Humphrey
6%
Marilou
6%
Bergamo
4%
Chibiterasu
2%
Luka
2%
Maugrim
2%

Distribution des résultats

Percentile par nombre de réponses

% des personnes avec chaque résultat

Votre développement - résultats

Vous n’avez pas pris ce quiz